000 00481nam a22001937a 4500
003 MPLRDC
005 20220104143400.0
008 210129b ||||| |||| 00| 0 eng d
020 _a957-8265-19-0
082 _a870.57 ORW-2 c.3
100 _a乔治. 欧威尔
245 _a动物农庄
_c李淑贞编译
250 _a初版
260 _a
_b九仪出版社
_c1998
300 _b
490 _a珍藏文库. 22
650 _a英文小说
942 _cBK
_o870.57 ORW-2 c.3
999 _c39358
_d39348